Catálogo
 En Linea

El Cristo de la libertad : (Registro nro. 33029)

Detalles MARC
000 -CABECERA
campo de control de longitud fija 00999nam a2200301 i 4500
001 - NÚMERO DE CONTROL
campo de control 000033538
003 - IDENTIFICADOR DEL NÚMERO DE CONTROL
campo de control DO-SdBNP
005 - FECHA Y HORA DE LA ÚLTIMA TRANSACCIÓN
campo de control 20241122094312.0
007 - CAMPO FIJO DE DESCRIPCIÓN FÍSICA--INFORMACIÓN GENERAL
campo de control de longitud fija ta
008 - DATOS DE LONGITUD FIJA--INFORMACIÓN GENERAL
campo de control de longitud fija 100901e1966 dr 000 0bspa d
040 ## - FUENTE DE LA CATALOGACIÓN
Centro catalogador/agencia de origen DO-SdBNP
Lengua de catalogación spa
Centro/agencia transcriptor BNPHU
Normas de descripción rda
041 ## - CÓDIGO DE LENGUA
Código de lengua del texto/banda sonora o título independiente spa
082 #4 - NÚMERO DE LA CLASIFICACIÓN DECIMAL DEWEY
Número de clasificación 923.27293
Número de documento/Ítem D812b 1966
Número de edición 22
100 1# - ENTRADA PRINCIPAL--NOMBRE DE PERSONA
Nombre de persona Balaguer, Joaquín,
Fechas asociadas al nombre 1906-2002
Término indicativo de función/relación autor
Código de función/relación aut.
9 (RLIN) 76556
245 13 - MENCIÓN DE TÍTULO
Título El Cristo de la libertad :
Resto del título vida de Juan Pablo Duarte /
Mención de responsabilidad, etc. Joaquín Balaguer.
250 ## - MENCIÓN DE EDICIÓN
Mención de edición Segunda edición
264 #1 - PRODUCCIÓN, PUBLICACIÓN, DISTRIBUCIÓN, FABRICACIÓN Y COPYRIGHT
Producción, publicación, distribución, fabricación y copyright Santo Domingo :
Nombre del de productor, editor, distribuidor, fabricante Editora del Caribe,
Fecha de producción, publicación, distribución, fabricación o copyright 1966.
300 ## - DESCRIPCIÓN FÍSICA
Extensión 215 páginas ;
Dimensiones 20 cm.
336 ## - TIPO DE CONTENIDO
Término de tipo de contenido texto
Código de tipo de contenido txt
Fuente rdacontent
337 ## - TIPO DE MEDIO
Nombre/término del tipo de medio sin mediación
Código del tipo de medio n
Fuente rdamedia
338 ## - TIPO DE SOPORTE
Nombre/término del tipo de soporte volumen
Código del tipo de soporte nc
Fuente rdacarrier
490 0# - MENCIÓN DE SERIE
Mención de serie Pensamiento dominicano
590 ## - NOTA LOCAL (RLIN)
Nota local Inventariado, 2023 / BT
600 10 - PUNTO DE ACCESO ADICIONAL DE MATERIA--NOMBRE DE PERSONA
Nombre de persona Duarte, Juan Pablo,
Fechas asociadas al nombre 1813-1876
9 (RLIN) 1494
651 #0 - PUNTO DE ACCESO ADICIONAL DE MATERIA--NOMBRE GEOGRÁFICO
Nombre geográfico República Dominicana --
Subdivisión general Historia --
Subdivisión cronológica 1844-1930
9 (RLIN) 1009
910 ## - DATOS DE OPCIÓN DEL USUARIO (OCLC)
Datos de opción del usuario Validado. Control de calidad MMOLINA
942 ## - ELEMENTOS DE PUNTO DE ACCESO ADICIONAL (KOHA)
Fuente del sistema de clasificación o colocación Dewey Decimal Classification
Tipo de ítem Koha Libro
Existencias
Estado de retiro Estado de pérdida Fuente del sistema de clasificación o colocación Restricciones de uso No para préstamo Código de colección Localización permanente Ubicación/localización actual Ubicación en estantería Fecha de adquisición Fuente de adquisición Signatura topográfica completa Código de barras Fecha visto por última vez Precio válido a partir de Tipo de ítem Koha Nota pública Número de copia Total de préstamos
    Dewey Decimal Classification Excluido de préstamo   Patrimonio Dominicano Biblioteca Nacional Pedro Henríquez Ureña Biblioteca Nacional Pedro Henríquez Ureña Depósito 01.12.1999 Perteneció a la biblioteca personal de Germán Emilio Ornes. BNPHU PD 923.27293 D812b 1966 33538-10 25.06.2020 25.06.2020 Libro Perteneció a la biblioteca personal de German Emilio Ornes.    
    Dewey Decimal Classification Excluido de préstamo   Patrimonio Dominicano Biblioteca Nacional Pedro Henríquez Ureña Biblioteca Nacional Pedro Henríquez Ureña Depósito 01.09.2011 Perteneció a la biblioteca personal de Martínez Boog. BNPHU PD 923.27293 D812b 1966 33538-20 25.06.2020 25.06.2020 Libro Perteneció a la biblioteca personal de Martínez Boog. e. 2  
    Dewey Decimal Classification Préstamo en sala   Dominicana de Servicio Biblioteca Nacional Pedro Henríquez Ureña Biblioteca Nacional Pedro Henríquez Ureña Depósito 01.09.2011   BNPHU DS 923.27293 D812b 1966 33538-30 25.06.2020 25.06.2020 Libro Perteneció a la biblioteca personal de Carlos Larrazábal Blanco. e. 3  
    Dewey Decimal Classification Préstamo en sala   Dominicana de Servicio Biblioteca Nacional Pedro Henríquez Ureña Biblioteca Nacional Pedro Henríquez Ureña Depósito 09.02.2022 Domado por Víctor Hugo BNPHU DS 923.27293 D812b 1966 2023-0504 01.02.2023 01.02.2023 Libro   e. 4  
    Dewey Decimal Classification Préstamo en sala   Dominicana de Servicio Biblioteca Nacional Pedro Henríquez Ureña Biblioteca Nacional Pedro Henríquez Ureña Depósito 01.12.2023 Donado por la Presidencia de la República Dominicana 2023 BNPHU DS 923.27293 D812b 1966 2024-6486 18.11.2024 18.11.2024 Libro Perteneció a la biblioteca personal de Emilio Cordero Michel e. 5  

Con tecnología Koha